000 00642nam a2200181 i 4500
001 60857
003 ES-MaACL
005 20230906164323.0
007 t|
008 031107s1958 sp ||||1| spa d
245 0 3 _aLa estructura de la economía española
_b: tabla input-output /
_cÁngel Alcaide Inchausti ... [et al.].
260 _aMadrid :
_bInstituto de Estudios Políticos,
_c1958.
300 _a184 p. :
_bgraf. ;
_c24 cm.
651 4 _aEspaña-
_xSituación económica-
_y1955-1975.
_9171815
700 1 _aAlcaide Inchausti, Angel.
_919443
710 2 _aInstituto de Estudios Políticos (Madrid)
_94924
852 _aES-MaACL
_jC-15467
999 _c60857
_d60857